000 00573nam a2200181Ia 4500
003 IN-BaIIA
008 211028s9999 xx 000 0 eng d
020 _a0-949809-04-7
040 _cIIA Library
080 _a(03):61
_bKNI-4
100 _aKnight, John F.
_914043
245 0 _aFamily medical care
_bvol. 4, special organs and the skeletal structure
_cJohn F. Knight
260 _aDelhi
_bNational Home and Health Service
_c1982
300 _a267p
650 _aMedical Health
_914044
650 _aNASA Thesaurus
942 _cBK
999 _c8373
_d8373